Score 0/26 Timer 05:00
0 Plays Today
Definition Animal Word % Correct
A dance where slow steps are followed by fast ones: ___trotFoxtrot
96.9%
One who arrives before something begins: Early ___Early Bird
92%
Unit for measuring a car engine's power: ___powerHorsepower
90.6%
Tiny lumps on skin from fright or cold: ___ BumpsGoose Bumps
89.8%
A tuft of hair that grows in its own direction: ___lickCowlick
88.1%
Wrinkles at the corners of the eyes: ___'s FeetCrow's Feet
86.3%
A person or thing that is awesome: ___'s KneesBee's Knees
84.3%
A player on a team who doesn't pass: Ball ___Ball Hog
83.6%
A professional card player who cheats to win: Card ___Card Shark
78.6%
A handheld loudspeaker: ___hornBullhorn
75.9%
Perennial with reddish-orange, black-spotted flowers: ___ LilyTiger Lily
75.2%
A person who practically lives at the gym: Gym ___Gym Rat
74.3%
A tree or shrub with large pink or white flowers: ___woodDogwood
74.1%
Definition Animal Word % Correct
Reedlike plant with brown, fuzzy, cylindrical flower spikes: ___tailCattail
72.1%
A hand tool with adjustable jaws for turning nuts: ___ Wrench Monkey Wrench
71.9%
Stamped letters: ___ MailSnail Mail
66.4%
Persistent nagging, especially by a wife: ___peckHenpeck
65.7%
A type of grass you don't want on your lawn: ___grassCrabgrass
62.3%
A snitch or informer to the police: Stool ___Stool Pigeon
58.4%
Fearful of falling stock market prices: ___ishBearish
53.2%
Deep-fried pastries, usually at carnivals or fairs: ___ EarsElephant Ears
50.8%
Awkwardly shy or ashamed: ___ishSheepish
50.6%
To fit or come together skillfully or nicely: ___tailDovetail
43.8%
Synonym for cleft lip: ___lipHarelip
40.6%
Experiencing bad luck or an inability to succeed: ___bitSnakebit
30.3%
Metal tweezers to hold a joint: ___ ClipRoach Clip
29.5%

Today's Daily Dose

Missing Word
'T' Pairs

Word Ladder
Game Pieces

Get the Picture
Baseball Movies

Remove Ads.
Support Sporcle.
Get the best of Sporcle when you Go Orange. This ad-free experience offers more features, more stats, and more fun while also helping to support Sporcle. Thank you for becoming a member.

You're not logged in!

Compare scores with friends on all Sporcle quizzes.
OR
Log In

Show Comments

Extras

Top Quizzes Today


Score Distribution

Your Account Isn't Verified!

In order to create a playlist on Sporcle, you need to verify the email address you used during registration. Go to your Sporcle Settings to finish the process.

Report this User

Report this user for behavior that violates our Community Guidelines.

Details: